The House of Silk (Record no. 200751)

MARC details
000 -LEADER
fixed length control field 00434nam a2200193Ia 4500
008 - FIXED-LENGTH DATA ELEMENTS--GENERAL INFORMATION
fixed length control field 240823s9999||||xx |||||||||||||| ||und||
020 ## - INTERNATIONAL STANDARD BOOK NUMBER
International Standard Book Number 978-1-4091-3636-1
082 ## - DEWEY DECIMAL CLASSIFICATION NUMBER
-- 823.914 Q2
100 ## - MAIN ENTRY--PERSONAL NAME
Personal name Anthony Horowitz
245 #4 - TITLE STATEMENT
Title The House of Silk
250 ## - EDITION STATEMENT
Edition statement 1st
260 ## - PUBLICATION, DISTRIBUTION, ETC. (IMPRINT)
Date of publication, distribution, etc 2012
Name of publisher, distributor, etc Hhachette
500 ## - GENERAL NOTE
General note YES
650 ## - SUBJECT ADDED ENTRY--TOPICAL TERM
Topical term or geographic name as entry element Novel
942 ## - ADDED ENTRY ELEMENTS (KOHA)
Item type Books
Holdings
Withdrawn status Lost status Damaged status Permanent location Current location Date acquired Source of acquisition Cost, normal purchase price Full call number Barcode Date last seen Koha item type
      CENTRAL LIBRARY, NOORUL ISLAM CENTRE FOR HIGHER EDUCATION CENTRAL LIBRARY, NOORUL ISLAM CENTRE FOR HIGHER EDUCATION 01/06/2014 Current Book House 350.00 823.914 Q2 51937 12/05/2025 Books
Visitors:
Copyright © 2024 Central Library NICHE.  All rights reserved.